Presidents of Ireland - Statistics

General Stats
  • This quiz has been taken 30 times
  • The average score is 7 of 10
Answer Stats
Years Served President % Correct
2025 - Present Catherine Connolly
100%
1997 - 2011 Mary McAleese
89%
1990 - 1997 Mary Robinson
89%
2011 - 2025 Michael D. Higgins
89%
1938 - 1945 Douglas Hyde
83%
1959 -1973 Éamon de Valera
78%
1973 - 1974 Erskine Hamilton Childers
61%
1976 - 1990 Patrick Hillery
50%
1974 - 1976 Cearbhall Ó Dálaigh
44%
1945 -1959 Seán T. O'Kelly
33%
No matching quizzes found
Score Distribution
Percent of People with Each Score
Percentile by Number Answered
Your Score History
You have not taken this quiz